000 003320000a22001330004500
003 MACL
040 _aMACL
090 _c38787
_d38785
100 _aHill, George Birkbeck
245 _aLetters of Dante Gabriel Rossetti to William Allingham 1854-1870
260 _bT Fisher Unwin
_c1897
650 _aLetters
942 _cBOOK
_k826/HIL
999 _c38370
_d38370